| 000 | 00376nam a22001697a 4500 | ||
|---|---|---|---|
| 005 | 20160625155427.0 | ||
| 008 | 160625b xxu||||| |||| 00| 0 eng d | ||
| 020 | _a0-7494-4403-7 | ||
| 041 | _aeng | ||
| 082 | _b10242 | ||
| 100 |
_aTugate, Mark _92812 |
||
| 245 | _aMedia Monoliths | ||
| 260 | _bKogan | ||
| 300 | _a249 | ||
| 650 |
_aMass Communication _92660 |
||
| 942 | _cBK | ||
| 999 |
_c4069 _d4068 |
||